Stay Hungry Stay Foolish (Record no. 339278)

MARC details
000 -LEADER
fixed length control field 00525nam a2200157Ia 4500
008 - FIXED-LENGTH DATA ELEMENTS--GENERAL INFORMATION
fixed length control field 230718s9999 xx 000 0 und d
041 ## - LANGUAGE CODE
Language code of text/sound track or separate title eng
082 ## - DEWEY DECIMAL CLASSIFICATION NUMBER
Classification number 650.54
Item number BAN
100 ## - MAIN ENTRY--PERSONAL NAME
Personal name Bansal R.
9 (RLIN) 106283
245 ## - TITLE STATEMENT
Title Stay Hungry Stay Foolish
Remainder of title The Inspiring Stories Of IIM Ahmedabad Graduates Who Chose To Tread A Path Of Their Own Making
260 ## - PUBLICATION, DISTRIBUTION, ETC. (IMPRINT)
Date of publication, distribution, etc. 2008
Name of publisher, distributor, etc. IIM Ahmedabad / Westland Itd
300 ## - PHYSICAL DESCRIPTION
Extent 325
365 ## - TRADE PRICE
Currency code Rs.
Price amount 150.00
700 ## - ADDED ENTRY--PERSONAL NAME
Personal name Bansal R.
9 (RLIN) 106283
906 ## - LOCAL DATA ELEMENT F, LDF (RLIN)
d O:0446611-Mar-2015B:753320-Feb-2015
c GENRL
b 33
Holdings
Withdrawn status Lost status Damaged status Not for loan Home library Current library Date acquired Vendor Budget Code Cost, normal purchase price Bill number Total Checkouts Full call number Barcode Date last seen Discount Cost, replacement price Bill Date Koha item type Original Barcode
        Cummins College of Engineering for Women Pune Cummins College of Engineering for Women Pune 11/03/2015 Technical Book Services GENRL 117.00 7533   650.54 CCEP-BK-50485 18/07/2023 33 150.00 20/02/2015 Books 050485